000
00197nam a2200085 4500
001
1232401
005
20250922133506.0
245
_a
ŞEKİLLİ FİZİK SÖZLÜĞÜ
_c
CHRİS OXCLADE
260
_b
TÜBİTAK
999
_c
1232401
_d
1232401